| 000 | 00444nam a2200181 a 4500 | ||
|---|---|---|---|
| 001 | 978 | ||
| 003 | CDMR | ||
| 005 | 20131001120512.0 | ||
| 008 | 130130s2003||||||||||||||||||||||||||||d | ||
| 020 | _a8401373839 | ||
| 040 |
_aCDMR _bcat _cCDMR |
||
| 100 | 1 |
_aRico, Lolo _9764 |
|
| 245 | 1 | 3 |
_aEl libro de La bola de cristal _cLolo Rico |
| 250 | _a5a ed. | ||
| 260 |
_aBarcelona _c2003 _bPlaza & Janés |
||
| 300 |
_a254 p. _bil. col. |
||
| 942 |
_cMON _2udc |
||
| 999 |
_c978 _d978 |
||